All Players of the Best Teams in CS2 - Statistics

General Stats
  • This quiz has been taken 47 times
  • The average score is 40 of 50
Answer Stats
Team Player Rating 3.0 (Past 3 months) % Correct
Team Vitality apEX 0.85
100%
Team Vitality ZywOo 1.30
100%
Team Spirit donk 1.32
97%
Team Vitality flameZ 1.11
97%
Team Vitality mezii 1.09
97%
FURIA molodoy 1.12
97%
Natus Vincere Aleksib 0.92
94%
FURIA FalleN 0.88
94%
FaZe Clan karrigan 0.88
94%
Team Falcons m0NESY 1.31
94%
Team Falcons NiKo 1.09
94%
Team Vitality ropz 1.17
94%
Natus Vincere w0nderful 1.09
94%
Natus Vincere iM 1.14
92%
Team Spirit magixx -
92%
Team Spirit sh1ro 1.18
92%
FaZe Clan Twistzz 1.22
92%
Aurora XANTARES 1.20
92%
Team Spirit zont1x -
92%
FaZe Clan broky 1.06
89%
FaZe Clan jcobbb 1.01
89%
FURIA KSCERATO 1.25
89%
Team Falcons kyxsan 0.96
89%
Natus Vincere makazze 1.08
89%
Team Falcons TeSeS 0.92
89%
Team Spirit tN1R 1.00
89%
MOUZ xertioN 1.17
89%
Natus Vincere b1t 1.11
86%
MOUZ Brollan 0.93
86%
FaZe Clan frozen 1.16
86%
MOUZ Spinx 1.14
86%
MOUZ torzsi 1.03
86%
FURIA yuurih 1.08
86%
MOUZ Jimpphat 1.04
83%
Team Falcons kyousuke 1.11
83%
FURIA YEKINDAR 1.12
83%
Aurora woxic 1.00
81%
Aurora Wicadia 1.09
75%
Aurora MAJ3R 0.86
72%
Legacy dumau 1.06
61%
Aurora jottAAA 0.96
58%
B8 alex666 0.96
44%
B8 headtr1ck 0.92
44%
Legacy latto 1.12
44%
B8 npl 1.11
44%
Legacy n1ssim 1.04
42%
Legacy lux 0.97
36%
B8 esenthial 1.04
33%
Legacy saadzin 1.04
33%
B8 kensizor 1.05
28%
No matching quizzes found
Score Distribution
Percent of People with Each Score
Percentile by Number Answered
Your Score History
You have not taken this quiz